[Event "Vandenburg Cup"]
[Site "SchemingMind.com"]
[Date "2011.04.20"]
[Round "-"]
[White "Karapiperis"]
[Black "flammablepawn"]
[Result "0-1"]
[WhiteCountry "GRE"]
[BlackCountry "USA"]
[WhiteElo "1449"]
[WhiteRD "98"]
[BlackElo "1867"]
[BlackRD "86"]
[GameID "281663"]

1. b4 d6 2. Bb2 Nf6 3. c4 e5 4. e3 Be7 5. Nf3 O-O 6. Be2 Bg4 7. O-O a5 8. b5 c6 9. d3 Nbd7 10. Nbd2 c5
11. a4 Re8
0-1

[Event "Vandenburg Cup"]
[Site "SchemingMind.com"]
[Date "2011.04.20"]
[Round "-"]
[White "flammablepawn"]
[Black "Karapiperis"]
[Result "1-0"]
[WhiteCountry "USA"]
[BlackCountry "GRE"]
[WhiteElo "1867"]
[WhiteRD "86"]
[BlackElo "1449"]
[BlackRD "98"]
[GameID "281664"]

1. b4 e5 2. Bb2 Bxb4 3. Bxe5 Nf6 4. Nf3 O-O 5. e3 Nc6 6. Bb2 d5 7. Be2 Re8 8. O-O Bg4 9. d3 Qd6 10. Nbd2 Rad8
11. c3 Ba5 12. Nb3 Bb6 13. h3 Bh5 14. d4 Ne7 15. a4 c6 16. c4 dxc4 17. Bxc4 Bc7 18. Nbd2 Ned5 19. Ba3
1-0

[Event "Vandenburg Cup"]
[Site "SchemingMind.com"]
[Date "2011.04.20"]
[Round "-"]
[White "Gorake"]
[Black "flammablepawn"]
[Result "0-1"]
[WhiteCountry "SWE"]
[BlackCountry "USA"]
[WhiteElo "1299"]
[WhiteRD "178"]
[BlackElo "1757"]
[BlackRD "103"]
[GameID "281668"]

1. b4 c6 2. f4 Qb6 3. a3 Qd4 4. Nc3 Qxf4 5. Nf3 d5 6. d4 Qc7 7. e3 Nd7 8. Bd3 e5 9. O-O e4 10. Ne5 Nxe5
11. dxe5 Qxe5 12. Bb2 exd3 13. Qf3 Be6 14. cxd3 Bd6 15. Rae1 Qxh2+ 16. Kf2 Qh4+ 17. g3 Qh2+ 18. Qg2 Bxg3+ 19. Kf3 Bg4+ 20. Kxg4 Qxg2
21. Rb1 Nh6+ 22. Kg5 Be5+ 23. Kh4 Qg4#
0-1

[Event "Vandenburg Cup"]
[Site "SchemingMind.com"]
[Date "2011.04.21"]
[Round "-"]
[White "Gorake"]
[Black "Karapiperis"]
[Result "1-0"]
[WhiteCountry "SWE"]
[BlackCountry "GRE"]
[WhiteElo "1603"]
[WhiteRD "73"]
[BlackElo "1449"]
[BlackRD "98"]
[GameID "281669"]

1. b4 e5 2. e4 Bxb4 3. Bb2 d6 4. a3 Ba5 5. Nf3 Nf6 6. Bd3 Bg4 7. Bc3 Bb6 8. Be2 Nc6 9. O-O O-O 10. a4 a6
11. Na3 Nh5 12. Nc4 Ba7 13. Rb1 Rb8 14. d4 exd4 15. Nxd4 Bxe2 16. Qxe2 Nf4 17. Qg4 Nxd4 18. Bxd4 Bxd4 19. Ne3 Ng6 20. Rbd1 Bxe3
21. Rd3 Ne5 22. Qg3
1-0

[Event "Vandenburg Cup"]
[Site "SchemingMind.com"]
[Date "2011.04.20"]
[Round "-"]
[White "flammablepawn"]
[Black "Gorake"]
[Result "1-0"]
[WhiteCountry "USA"]
[BlackCountry "SWE"]
[WhiteElo "1834"]
[WhiteRD "96"]
[BlackElo "1562"]
[BlackRD "101"]
[GameID "281670"]

1. b4 f5 2. Bb2 Nf6 3. c4 e6 4. c5 Nc6 5. a3 Be7 6. Nf3 O-O 7. e3 b6 8. cxb6 axb6 9. Be2 Bb7 10. O-O d5
11. Qc2 Ne4 12. d3 Ng5 13. Nbd2 Bd6 14. Nxg5 Qxg5 15. Nf3 Qh6 16. g3 Ne7 17. Be5 Rad8 18. Bxd6 Rd7 19. Bxe7 Rxe7 20. d4 Qh3
21. Rfc1 Rc8 22. Ne5 g5 23. Bf1 Qh6 24. f4 gxf4 25. exf4 Qh5 26. Qe2 Qe8 27. Qb5 Qf8 28. a4 Qd8 29. a5 c6 30. Nxc6 Bxc6
31. Rxc6 Rxc6 32. Qxc6 bxa5 33. Rxa5 Kf7 34. Ra8 Qd7 35. Qxd7 Rxd7 36. b5 Rb7 37. Ra6 h6 38. b6 Kf6 39. Bb5 Ke7 40. Bc6 Rb8
41. b7 Kd6 42. Ra8 Kc7 43. Rxb8 Kxb8 44. Kg2 Kc7 45. Kh3 e5 46. fxe5 Kxc6 47. b8=Q h5 48. Qd6+ Kb7 49. Qxd5+ Kc7 50. Qd6+ Kb7
51. e6 f4 52. e7 h4 53. e8=Q f3 54. Qee7+ Ka8 55. Qdd8#
1-0

[Event "Vandenburg Cup"]
[Site "SchemingMind.com"]
[Date "2011.04.20"]
[Round "-"]
[White "Karapiperis"]
[Black "Gorake"]
[Result "0-1"]
[WhiteCountry "GRE"]
[BlackCountry "SWE"]
[WhiteElo "1449"]
[WhiteRD "98"]
[BlackElo "1603"]
[BlackRD "73"]
[GameID "281671"]

1. b4 f5 2. Bb2 e6 3. b5 Nf6 4. e3 Be7 5. c4 O-O 6. Nc3 c6 7. Nf3 Qb6 8. d4 a6 9. c5 Qa5 10. b6 d6
11. Qa4 Qxa4 12. Nxa4 Ne4 13. Ba3 Nd7 14. Rc1 d5 15. Nd2 Ng5 16. Bd3 e5 17. Bb2 exd4 18. Bxd4 Ne4 19. Nxe4 fxe4 20. Be2 Nf6
21. h3 Nd7 22. Bh5 Nf6
0-1

[Event "Vandenburg Cup"]
[Site "SchemingMind.com"]
[Date "2011.04.26"]
[Round "-"]
[White "Siebold"]
[Black "flammablepawn"]
[Result "0-1"]
[WhiteCountry "NED"]
[BlackCountry "USA"]
[WhiteElo "1722"]
[WhiteRD "81"]
[BlackElo "1903"]
[BlackRD "76"]
[GameID "282188"]

1. b4 c6 2. Bb2 Qb6 3. a3 a5 4. c3 c5 5. Qa4 Nf6 6. Nf3 Nc6 7. b5 Na7 8. e3 d5 9. c4 e6 10. Nc3 Bd6
11. d4 Bd7 12. dxc5 Bxc5 13. cxd5 exd5 14. Be2 O-O 15. Rb1 Qd6 16. O-O b6 17. Rbd1 Rfe8 18. Rd2 Rad8 19. Nd4 Ne4 20. Nxe4 Rxe4
21. Bf3 Ree8 22. Rfd1 Bxd4 23. Bxd4 Bxb5 24. Qb3 Bc6 25. Qxb6 Nb5 26. a4 Nxd4 27. Rxd4 Re6 28. Qxa5 Ra8 29. Qd2 h6 30. Bxd5 Bxd5
31. Rxd5 Qc6 32. a5 Rg6
0-1

[Event "Vandenburg Cup"]
[Site "SchemingMind.com"]
[Date "2011.04.26"]
[Round "-"]
[White "Gorake"]
[Black "Siebold"]
[Result "1-0"]
[WhiteCountry "SWE"]
[BlackCountry "NED"]
[WhiteElo "1562"]
[WhiteRD "101"]
[BlackElo "1781"]
[BlackRD "92"]
[GameID "282190"]

1. b4 Nc6 2. c3 e5 3. e3 f5 4. Bb2 Nf6 5. Be2 d5 6. d4 e4 7. f4 Be6 8. Nh3 Be7 9. Bh5+ g6 10. Be2 O-O
11. O-O Ng4 12. Bc1 Bf6 13. Qe1 Ne7 14. Ng5 Bxg5 15. fxg5 Nc8 16. h3
1-0

[Event "Vandenburg Cup"]
[Site "SchemingMind.com"]
[Date "2011.04.25"]
[Round "-"]
[White "flammablepawn"]
[Black "Siebold"]
[Result "1-0"]
[WhiteCountry "USA"]
[BlackCountry "NED"]
[WhiteElo "1903"]
[WhiteRD "76"]
[BlackElo "1722"]
[BlackRD "81"]
[GameID "282191"]

1. b4 Nc6 2. b5 Ne5 3. d4 Ng6 4. Bb2 d6 5. e4 Nf6 6. Bd3 e5 7. dxe5 dxe5 8. Nf3 Bc5 9. Nxe5 Bd4 10. Nc4 Bxb2
11. Nxb2 Qd4 12. c3 Qb6 13. a4 O-O 14. O-O Bg4 15. Qc2 Nh5 16. Nc4 Qf6 17. f3 Be6 18. Nbd2 Nhf4 19. e5 Qg5 20. Ne4 Qh6
21. Rfd1 Nd5 22. Nc5 Ngf4 23. Nxe6 fxe6 24. Be4 Qg5 25. Bxh7+ Kh8 26. Be4 c6 27. bxc6 bxc6 28. g3 Nh5 29. Rf1 Nhf4 30. Kh1 Nh3
31. Qg2 Qh6 32. Rac1 Ng5 33. f4 Nxe4 34. Qxe4 Rab8 35. Nd6 Rb2 36. h4 Qh5 37. Qf3 Qh6 38. c4 Nxf4 39. Qg4 Ng6 40. Rxf8+ Nxf8
41. Nf7+
1-0

[Event "Vandenburg Cup"]
[Site "SchemingMind.com"]
[Date "2011.04.29"]
[Round "-"]
[White "Manuel Angel"]
[Black "Siebold"]
[Result "1-0"]
[WhiteCountry "ESP"]
[BlackCountry "NED"]
[WhiteElo "2085"]
[WhiteRD "77"]
[BlackElo "1797"]
[BlackRD "87"]
[GameID "282568"]

1. b4 Nf6 2. Bb2 d6 3. Nc3 e5 4. e4 Nc6 5. b5 Nd4 6. Nf3 Bg4 7. Be2 Nxe2 8. Qxe2 Be7 9. h3 Bh5 10. O-O O-O
11. a4 Re8 12. Rfe1 Bf8 13. Ba3 Bg6 14. Qd3 Nh5 15. g3 Qd7 16. Kg2 f5 17. Qd5+ Kh8 18. Qxb7 fxe4 19. Nxe4 d5 20. Nxe5 Rxe5
21. Qxa8 Re8 22. Nc5 Qf5 23. Rxe8 Bxe8 24. Qxe8
1-0

[Event "Vandenburg Cup"]
[Site "SchemingMind.com"]
[Date "2011.04.29"]
[Round "-"]
[White "Manuel Angel"]
[Black "Gorake"]
[Result "1-0"]
[WhiteCountry "ESP"]
[BlackCountry "SWE"]
[WhiteElo "2029"]
[WhiteRD "79"]
[BlackElo "1603"]
[BlackRD "73"]
[GameID "282569"]

1. b4 f5 2. Nf3 Nf6 3. a3 g6 4. e3 Bg7 5. Bb2 Nc6 6. c4 d6 7. d4 Ne4 8. Nc3 e5 9. d5 Ne7 10. Nxe4 fxe4
11. Nd2 Bf5 12. g4 Bd7 13. Nxe4 h5 14. gxh5 gxh5 15. Be2 Nf5 16. Bxh5+ Ke7 17. Rg1 Bf6 18. Nxf6 Kxf6 19. e4 Nd4 20. Bxd4 Rxh5
21. Qxh5 exd4 22. Rg6+ Ke7 23. Qh7+ Ke8 24. Rg8#
1-0

[Event "Vandenburg Cup"]
[Site "SchemingMind.com"]
[Date "2011.04.29"]
[Round "-"]
[White "Manuel Angel"]
[Black "flammablepawn"]
[Result "1-0"]
[WhiteCountry "ESP"]
[BlackCountry "USA"]
[WhiteElo "2161"]
[WhiteRD "81"]
[BlackElo "1934"]
[BlackRD "76"]
[GameID "282570"]

1. b4 c6 2. e4 Qb6 3. a3 Nf6 4. Nc3 e5 5. Nf3 d6 6. d4 exd4 7. Nxd4 Be7 8. Be2 O-O 9. Be3 Qc7 10. O-O Nbd7
11. Nf5 Ne5 12. Nxe7+ Qxe7 13. Qd4 Be6 14. Rad1 Rfd8 15. Bg5 h6 16. Bxf6 Qxf6 17. f4 Ng4 18. f5 Qxd4+ 19. Rxd4 Ne3 20. Rc1 Nxf5
21. exf5 Bxf5 22. Kf2 d5 23. Nd1 Re8 24. c4 dxc4 25. Ne3 Be6 26. Nxc4 Red8 27. Nd6 Rd7 28. Rcd1 Kf8 29. Bf3 Ke7 30. Nxb7 Rxd4
31. Rxd4 Rc8 32. Nc5 Rc7 33. Re4 Kd6 34. Nxe6 fxe6 35. Rd4+ Ke7 36. Rc4 Kd6 37. Rc5 Kd7 38. Ke3 Kd6 39. Kd4 g5 40. a4 a6
41. Ra5 Ra7 42. b5 cxb5 43. axb5 e5+ 44. Ke3 Kc7 45. Rxa6 Rxa6 46. bxa6 Kb6 47. Be2
1-0

[Event "Vandenburg Cup"]
[Site "SchemingMind.com"]
[Date "2011.05.02"]
[Round "-"]
[White "Siebold"]
[Black "Manuel Angel"]
[Result "0-1"]
[WhiteCountry "NED"]
[BlackCountry "ESP"]
[WhiteElo "1797"]
[WhiteRD "87"]
[BlackElo "2085"]
[BlackRD "77"]
[GameID "282572"]

1. b4 e5 2. Bb2 d6 3. g3 Nf6 4. Bg2 Be7 5. Nf3 O-O 6. O-O e4 7. Nd4 c5 8. bxc5 dxc5 9. Nb3 c4 10. Nd4 Qb6
11. Qc1 Bg4 12. e3 Nc6 13. Nxc6 Qxc6 14. Nc3 Bf3 15. Bxf3 exf3 16. h3 b5 17. Kh2 Ng4+ 18. Kg1 Qh6 19. h4 Bxh4 20. Qd1 Bxg3
0-1

[Event "Vandenburg Cup"]
[Site "SchemingMind.com"]
[Date "2011.04.30"]
[Round "-"]
[White "Gorake"]
[Black "Manuel Angel"]
[Result "0-1"]
[WhiteCountry "SWE"]
[BlackCountry "ESP"]
[WhiteElo "1603"]
[WhiteRD "73"]
[BlackElo "2029"]
[BlackRD "79"]
[GameID "282573"]

1. b4 Nf6 2. f4 d5 3. Nf3 e6 4. e3 Bxb4 5. Bb2 O-O 6. Be2 c5 7. O-O Nc6 8. Qe1 b6 9. a3 Ba5 10. Qh4 Ne4
11. Qg4 f6 12. d3 Nd6 13. c3 Nf5 14. Bc1 e5 15. e4 Nfd4 16. cxd4 Bxg4 17. Rf2 Bxf3 18. Bxf3 Nxd4 19. Bb2 Nxf3+ 20. Rxf3 dxe4
21. dxe4 Qd1+ 22. Rf1 Qb3 23. Bc1 Qd3 24. Bb2 Qe3+ 25. Rf2 Be1 26. Nd2 Bxf2+ 27. Kh1 Qxd2 28. Rb1 Rad8 29. fxe5 Qd1+ 30. Rxd1 Rxd1#
0-1

[Event "Vandenburg Cup"]
[Site "SchemingMind.com"]
[Date "2011.04.30"]
[Round "-"]
[White "flammablepawn"]
[Black "Manuel Angel"]
[Result "0-1"]
[WhiteCountry "USA"]
[BlackCountry "ESP"]
[WhiteElo "1867"]
[WhiteRD "86"]
[BlackElo "2029"]
[BlackRD "79"]
[GameID "282574"]

1. b4 d5 2. Bb2 Nf6 3. Nf3 e6 4. b5 Bd6 5. e3 O-O 6. Be2 a6 7. a4 axb5 8. axb5 Rxa1 9. Bxa1 c6 10. bxc6 bxc6
11. O-O Nbd7 12. c4 Qa5 13. Bc3 Qc7 14. cxd5 cxd5 15. h3 Bb7 16. Nd4 Ne4 17. Ba1 Bh2+ 18. Kh1 Be5 19. Nb5 Qc6 20. Bxe5 Nxe5
21. N1c3 Nxc3 22. Nxc3 d4
0-1

[Event "Vandenburg Cup"]
[Site "SchemingMind.com"]
[Date "2011.05.02"]
[Round "-"]
[White "DI DARIO"]
[Black "Siebold"]
[Result "0-1"]
[WhiteCountry "INT"]
[BlackCountry "NED"]
[WhiteElo "1517"]
[WhiteRD "52"]
[BlackElo "1842"]
[BlackRD "89"]
[GameID "282878"]

1. b4 Nc6 2. a3 e5 3. Bb2 d6 4. e4 Nge7 5. Bb5 Ng6 6. Bxc6+ bxc6 7. Nf3 Be7 8. O-O O-O 9. d4 exd4 10. Bxd4 Ba6
11. Re1 Bf6 12. Nc3 Nf4 13. g3 Nh3+ 14. Kg2 Ng5 15. h4 Ne6 16. e5 Be7
0-1

[Event "Vandenburg Cup"]
[Site "SchemingMind.com"]
[Date "2011.05.02"]
[Round "-"]
[White "DI DARIO"]
[Black "Gorake"]
[Result "0-1"]
[WhiteCountry "INT"]
[BlackCountry "SWE"]
[WhiteElo "1517"]
[WhiteRD "52"]
[BlackElo "1603"]
[BlackRD "73"]
[GameID "282879"]

1. b4 f5 2. d3 Nf6 3. Bb2 e6 4. a3 Be7 5. Qd2 O-O 6. Qg5 Nc6 7. g3 h6 8. Qg6 Qe8 9. Qxe8 Rxe8 10. Bg2 b6
11. Bxc6 dxc6 12. Nf3 Ng4 13. h3 Nf6 14. Ne5 Bb7 15. O-O Bd6 16. Ng6 Kh7
0-1

[Event "Vandenburg Cup"]
[Site "SchemingMind.com"]
[Date "2011.05.02"]
[Round "-"]
[White "DI DARIO"]
[Black "flammablepawn"]
[Result "0-1"]
[WhiteCountry "INT"]
[BlackCountry "USA"]
[WhiteElo "1517"]
[WhiteRD "52"]
[BlackElo "1867"]
[BlackRD "86"]
[GameID "282880"]

1. b4 c6 2. Nc3 Qb6 3. a3 Nf6 4. e4 e5 5. Qf3 Be7 6. Bb2 O-O 7. Nce2 d6 8. h3 a5 9. c3 c5 10. Ng3 axb4
11. a4 bxc3 12. Qxc3 Nc6 13. Nf3 Bd7 14. Bb5 Nd4 15. Bxd7 Nxf3+ 16. gxf3 Nxd7
0-1

[Event "Vandenburg Cup"]
[Site "SchemingMind.com"]
[Date "2011.05.02"]
[Round "-"]
[White "Siebold"]
[Black "DI DARIO"]
[Result "1-0"]
[WhiteCountry "NED"]
[BlackCountry "INT"]
[WhiteElo "1842"]
[WhiteRD "89"]
[BlackElo "1517"]
[BlackRD "52"]
[GameID "282883"]

1. b4 e6 2. a3 Qf6 3. Ra2 c5 4. Bb2 Qf5 5. Nf3 Nf6 6. b5 b6 7. d3 a6 8. e4 Qh5 9. Be2 Be7 10. c4 axb5
11. cxb5 Bb7 12. O-O d5 13. Nc3 d4 14. Nb1 g5 15. Ne5 Qh6 16. Ng4 Nxg4 17. Bxg4
1-0

[Event "Vandenburg Cup"]
[Site "SchemingMind.com"]
[Date "2011.05.02"]
[Round "-"]
[White "Gorake"]
[Black "DI DARIO"]
[Result "1-0"]
[WhiteCountry "SWE"]
[BlackCountry "INT"]
[WhiteElo "1603"]
[WhiteRD "73"]
[BlackElo "1517"]
[BlackRD "52"]
[GameID "282884"]

1. b4 e6 2. f4 Bxb4 3. Bb2 Nf6 4. Nf3 b6 5. e3 O-O 6. Be2 Bb7 7. O-O Be7 8. Ne5 d6 9. Ng4 Nxg4 10. Bxg4 f5
11. Be2 Qe8 12. Qe1 Qg6 13. Bf3 Bxf3 14. Rxf3 Nc6 15. Rg3 Qf7 16. Rxg7+ Qxg7 17. Bxg7
1-0

[Event "Vandenburg Cup"]
[Site "SchemingMind.com"]
[Date "2011.05.02"]
[Round "-"]
[White "flammablepawn"]
[Black "DI DARIO"]
[Result "1-0"]
[WhiteCountry "USA"]
[BlackCountry "INT"]
[WhiteElo "1867"]
[WhiteRD "86"]
[BlackElo "1517"]
[BlackRD "52"]
[GameID "282885"]

1. b4 e6 2. Bb2 d5 3. Nf3 Nf6 4. b5 a6 5. a4 axb5 6. axb5 Rxa1 7. Bxa1 Bc5 8. e3 O-O 9. Be2 Nbd7 10. O-O Bd6
11. d3 e5 12. c4 c6 13. bxc6 bxc6 14. Nbd2 Ng4 15. h3 Nh6 16. cxd5 cxd5 17. e4 d4 18. Nc4
1-0

[Event "Vandenburg Cup"]
[Site "SchemingMind.com"]
[Date "2011.05.10"]
[Round "-"]
[White "Saltydog"]
[Black "Manuel Angel"]
[Result "0-1"]
[WhiteCountry "USA"]
[BlackCountry "ESP"]
[WhiteElo "1709"]
[WhiteRD "77"]
[BlackElo "2085"]
[BlackRD "77"]
[GameID "283342"]

1. b4 e5 2. Bb2 d6 3. e4 Nf6 4. d3 d5 5. Nd2 Bxb4 6. Bxe5 O-O 7. c3 Ba5 8. Ngf3 Nc6 9. Bxf6 Qxf6 10. exd5 Bxc3
11. Rb1 Nd4 12. Nxd4 Bxd4 13. Ne4 Re8 14. f3 Bc3+ 15. Ke2 Qa6 16. Qb3 Rxe4+ 17. fxe4 Bg4+ 18. Kf2 Qf6+ 19. Kg3 g5 20. Rc1 Qf4#
0-1

[Event "Vandenburg Cup"]
[Site "SchemingMind.com"]
[Date "2011.05.08"]
[Round "-"]
[White "Saltydog"]
[Black "Siebold"]
[Result "1-0"]
[WhiteCountry "USA"]
[BlackCountry "NED"]
[WhiteElo "1731"]
[WhiteRD "73"]
[BlackElo "1722"]
[BlackRD "81"]
[GameID "283343"]

1. b4 Nc6 2. a3 e5 3. Bb2 Nge7 4. e4 Ng6 5. Nf3 d6 6. Bc4 Be7 7. Nc3 O-O 8. O-O Kh8 9. Ne2 f5 10. exf5 Nh4
11. Nxh4 Bxh4 12. Ng3 Qg5 13. Bd3 Ne7 14. Qe2 Bxf5 15. Nxf5 Nxf5 16. Kh1 Qh6 17. c4 Rf7 18. Bxf5 Rxf5 19. d4 Raf8 20. f3 Rh5
21. h3 Bg3 22. Kg1 Rf4 23. Bc1 Rxh3 24. gxh3 Qxh3 25. Bxf4 Bxf4 26. Qg2 Be3+ 27. Rf2 Qh6 28. dxe5 dxe5 29. Kf1 Bxf2 30. Qxf2 Qh1+
31. Qg1 Qxf3+ 32. Qf2 Qh1+ 33. Qg1 Qf3+ 34. Qf2 Qh1+= 35. Ke2 Qe4+ 36. Kf1= Qh1+ 37. Ke2 Qe4+ 38. Kd2 h6 39. Rf1
1-0

[Event "Vandenburg Cup"]
[Site "SchemingMind.com"]
[Date "2011.05.08"]
[Round "-"]
[White "Saltydog"]
[Black "Gorake"]
[Result "1/2-1/2"]
[WhiteCountry "USA"]
[BlackCountry "SWE"]
[WhiteElo "1717"]
[WhiteRD "73"]
[BlackElo "1594"]
[BlackRD "84"]
[GameID "283344"]

1. b4 f5 2. Bb2 Nf6 3. Nf3 e6 4. e3 b6 5. a3 Bb7 6. Nc3 Be7 7. Be2 O-O 8. O-O d5 9. Ne5 Nbd7 10. d4 Nxe5
11. dxe5 Ne4 12. f4 c5 13. Nxe4 dxe4 14. Bc4 Bd5 15. Bxd5 exd5 16. bxc5 bxc5 17. Qe1 Rb8 18. Rb1 c4 19. Qg3 Rb6 20. e6 Bf6
21. c3 Qe7 22. a4 a5 23. Ba3 Qb7 24. Rxb6 Qxb6 25. Bxf8 Kxf8 26. Qh3 h6 27. Qxf5 Qb3 28. Qxd5 Qxa4 29. Qxe4 Bxc3 30. Rb1 Bf6
31. Qg6 Qe8 32. Qf5 a4 33. Qc5+ Kg8 34. Qxc4 a3 35. Qa6 Bb2 36. Rd1 Qe7 37. Rd7 Qb4 38. Rd8+ Kh7 39. Qd3+ g6 40. h3 a2
41. Rd7+ Bg7 42. Rxg7+= Kxg7 43. Qd7+ Kh8 44. Qe8+ Kh7 45. Qf7+= Kh8 46. Qf6+ Kh7 47. Qf7+ Kh8 48. Qf6+ Kh7 49. Qf7+ Kh8 50. Qf6+=
1/2-1/2

[Event "Vandenburg Cup"]
[Site "SchemingMind.com"]
[Date "2011.05.08"]
[Round "-"]
[White "Saltydog"]
[Black "DI DARIO"]
[Result "1-0"]
[WhiteCountry "USA"]
[BlackCountry "INT"]
[WhiteElo "1756"]
[WhiteRD "77"]
[BlackElo "1517"]
[BlackRD "52"]
[GameID "283345"]

1. b4 e6 2. Bb2 Nf6 3. a3 d5 4. Nf3 a6 5. e3 c5 6. b5 axb5 7. Bxb5+ Bd7 8. Bxd7+ Nbxd7 9. O-O Bd6 10. Nc3 O-O
11. Re1
1-0

[Event "Vandenburg Cup"]
[Site "SchemingMind.com"]
[Date "2011.05.08"]
[Round "-"]
[White "Saltydog"]
[Black "flammablepawn"]
[Result "1-0"]
[WhiteCountry "USA"]
[BlackCountry "USA"]
[WhiteElo "1756"]
[WhiteRD "77"]
[BlackElo "1867"]
[BlackRD "86"]
[GameID "283346"]

1. b4 c6 2. Bb2 Qb6 3. a3 a5 4. Nf3 axb4 5. e4 bxa3 6. Bxa3 Nf6 7. Nc3 d6 8. Be2 Qd8 9. O-O e5 10. Bc4 b5
11. Bb3 Bb7 12. d4 Nbd7 13. dxe5 Nxe5 14. Nxe5 dxe5 15. Bxf8 Kxf8 16. Rxa8 Qxa8 17. Qd6+ Kg8 18. Qxe5 Qe8 19. Qc7 Ba8 20. Rd1
1-0

[Event "Vandenburg Cup"]
[Site "SchemingMind.com"]
[Date "2011.05.09"]
[Round "-"]
[White "Manuel Angel"]
[Black "Saltydog"]
[Result "1-0"]
[WhiteCountry "ESP"]
[BlackCountry "USA"]
[WhiteElo "2085"]
[WhiteRD "77"]
[BlackElo "1709"]
[BlackRD "77"]
[GameID "283349"]

1. b4 e5 2. a3 d5 3. Bb2 d4 4. Nf3 Bd6 5. e3 Bg4 6. h3 Bxf3 7. Qxf3 c6 8. exd4 Qe7 9. Bd3 exd4+ 10. Kd1 Qc7
11. Bxd4 f6 12. Qh5+ Qf7 13. Qe2+ Ne7 14. Bc4 Qg6 15. Qe6 Bc7 16. Re1 Be5 17. Bc5
1-0

[Event "Vandenburg Cup"]
[Site "SchemingMind.com"]
[Date "2011.05.10"]
[Round "-"]
[White "Siebold"]
[Black "Saltydog"]
[Result "1/2-1/2"]
[WhiteCountry "NED"]
[BlackCountry "USA"]
[WhiteElo "1722"]
[WhiteRD "81"]
[BlackElo "1731"]
[BlackRD "73"]
[GameID "283350"]

1. b4 e5 2. Bb2 d6 3. g3 Nf6 4. Bg2 g6 5. a3 Bg7 6. e3 Nc6 7. Ne2 Bd7 8. O-O O-O 9. d3 Ng4 10. h3 Nf6
11. c4 Qc8 12. Kh2 a6 13. Nbc3 Ne7 14. f4 c6 15. fxe5 dxe5 16. d4 exd4 17. exd4 Nf5 18. Nf4 Ne3 19. Qf3 Nxf1+ 20. Rxf1 Bf5
21. g4 Bd7 22. g5 Nh5 23. Nxh5 Bxd4 24. Nf6+ Bxf6 25. gxf6 Bf5 26. Ne4 Bxe4 27. Qxe4 Re8 28. Qh4 Re6 29. Rf5 Re2 30. Rh5 Rxg2+
31. Kxg2 Qe6 32. Rxh7 Qe2+ 33. Kg1 Qe3+ 34. Kf1 Qf3+ 35. Kg1 Qd1+=
1/2-1/2

[Event "Vandenburg Cup"]
[Site "SchemingMind.com"]
[Date "2011.05.10"]
[Round "-"]
[White "Gorake"]
[Black "Saltydog"]
[Result "0-1"]
[WhiteCountry "SWE"]
[BlackCountry "USA"]
[WhiteElo "1603"]
[WhiteRD "73"]
[BlackElo "1756"]
[BlackRD "77"]
[GameID "283351"]

1. b4 e5 2. Bb2 d6 3. e4 Nf6 4. Nc3 b6 5. a3 Bb7 6. Nf3 Nxe4 7. Nxe4 Bxe4 8. Ng5 Qxg5 9. Be2 Qxg2 10. Rf1 Nd7
11. d3 Bb7 12. Bg4 Nf6 13. f3 Qxh2 14. d4 Qg3+ 15. Rf2 Be7 16. dxe5 Nxg4 17. Qd2 Nxf2 18. Qxf2 Qxf2+ 19. Kd1 Bxf3+ 20. Kc1 Qe1#
0-1

[Event "Vandenburg Cup"]
[Site "SchemingMind.com"]
[Date "2011.05.09"]
[Round "-"]
[White "DI DARIO"]
[Black "Saltydog"]
[Result "0-1"]
[WhiteCountry "INT"]
[BlackCountry "USA"]
[WhiteElo "1517"]
[WhiteRD "52"]
[BlackElo "1756"]
[BlackRD "77"]
[GameID "283352"]

1. b4 e5 2. Bb2 d6 3. e4 Nf6 4. Nc3 g6 5. Bb5+ Nbd7 6. d4 a6 7. Bxd7+ Bxd7 8. a4 Bg7 9. h3 O-O 10. Nf3 b5
0-1

[Event "Vandenburg Cup"]
[Site "SchemingMind.com"]
[Date "2011.05.09"]
[Round "-"]
[White "flammablepawn"]
[Black "Saltydog"]
[Result "1-0"]
[WhiteCountry "USA"]
[BlackCountry "USA"]
[WhiteElo "1903"]
[WhiteRD "76"]
[BlackElo "1731"]
[BlackRD "73"]
[GameID "283353"]

1. b4 e5 2. Bb2 d6 3. e4 Nf6 4. d3 a6 5. Nf3 g6 6. Be2 Bg7 7. O-O b5 8. Nbd2 Bb7 9. a4 bxa4 10. Rxa4 Nbd7
11. c4 O-O 12. Qb3 Nh5 13. Rfa1 f5 14. c5+ Kh8 15. cxd6 cxd6 16. R4a2 fxe4 17. Nxe4 Nf4 18. Bf1 Nf6 19. Qc2 Rc8 20. Qd2 Nxe4
21. dxe4 Bxe4 22. Qe3 Bb7 23. Bxa6 Bxa6 24. Rxa6 Rb8 25. Rd1 Rxb4 26. Ba3 Rb7 27. Raxd6 Qa5 28. h3 Re8 29. Ng5 Ra7 30. Bc5 Rb7
31. Rd7 Rxd7 32. Rxd7 Qb5 33. Re7 Rxe7 34. Bxe7 Qd5 35. Qf3 Kg8 36. g3 Nxh3+ 37. Kg2 Qe6 38. Qa8+ Bf8 39. Qxf8#
1-0

[Event "Vandenburg Cup"]
[Site "SchemingMind.com"]
[Date "2011.05.09"]
[Round "-"]
[White "Zerstörer"]
[Black "Manuel Angel"]
[Result "0-1"]
[WhiteCountry "ITA"]
[BlackCountry "ESP"]
[WhiteElo "2074"]
[WhiteRD "75"]
[BlackElo "2085"]
[BlackRD "77"]
[GameID "283461"]

1. b4 d5 2. Bb2 e6 3. Nf3 Nf6 4. a3 c5 5. bxc5 Bxc5 6. e3 Nc6 7. c4 d4 8. Qc2 e5 9. exd4 Nxd4 10. Nxd4 exd4
11. Bd3 Qe7+ 12. Be2 O-O 13. Qd3 Re8 14. Kd1 Bf5 15. Qxf5 Qxe2+ 16. Kc1 Ne4 17. f3 Qxc4+
0-1

[Event "Vandenburg Cup"]
[Site "SchemingMind.com"]
[Date "2011.05.08"]
[Round "-"]
[White "Zerstörer"]
[Black "Siebold"]
[Result "1-0"]
[WhiteCountry "ITA"]
[BlackCountry "NED"]
[WhiteElo "2029"]
[WhiteRD "74"]
[BlackElo "1722"]
[BlackRD "81"]
[GameID "283462"]

1. b4 Nc6 2. b5 Ne5 3. Bb2 Ng6 4. c4 e5 5. Qc2 Bc5 6. Nf3 d6 7. e3 N8e7 8. Nc3 a6 9. a4 O-O 10. Bd3 f5
11. Be2 f4 12. h4 fxe3 13. dxe3 Bg4 14. h5 Nh8 15. Ng5 Bf5 16. Bd3 Qd7 17. g4 Bxd3 18. Qxd3 g6 19. hxg6 Nexg6 20. O-O-O axb5
21. cxb5 c6 22. Rxh7 Qxg4 23. Rxh8+ Kxh8 24. Qxg6
1-0

[Event "Vandenburg Cup"]
[Site "SchemingMind.com"]
[Date "2011.05.07"]
[Round "-"]
[White "Zerstörer"]
[Black "Gorake"]
[Result "1-0"]
[WhiteCountry "ITA"]
[BlackCountry "SWE"]
[WhiteElo "2029"]
[WhiteRD "74"]
[BlackElo "1587"]
[BlackRD "80"]
[GameID "283463"]

1. b4 e5 2. Bb2 d6 3. e3 Nf6 4. c4 Be7 5. Nf3 O-O 6. Be2 Nc6 7. a3 b6 8. Qc2 Bb7 9. Nc3 d5 10. cxd5 Nxd5
11. Nxd5 Qxd5 12. Bc4 Qd7 13. O-O Nd8 14. Nxe5 Qe8 15. Bd3 Bd6 16. Bxh7+ Kh8 17. Nc4 Be5 18. Bxe5 f6 19. Bb2 Qh5 20. Bg6 Qg5
21. Be4 Bxe4 22. Qxe4 Nf7 23. Rac1 Rfe8 24. Qc6 Rac8 25. Qf3 Rcd8 26. d4 Nh6 27. Rfd1 Rd5 28. Nd2 Re7 29. Ne4 Qg6 30. Ng3 Nf7
31. Qxd5 Nd6 32. Qa8+ Kh7 33. Qxa7 Kh6 34. Rxc7 Rxc7 35. Qxc7 Nf7 36. Rc1 Ng5 37. Qxb6 Ne4 38. Nxe4 Qxe4 39. Qc7 Kh5 40. Rc5+ g5
41. h4 Qb1+ 42. Kh2 Qxb2 43. Qh7+ Kg4 44. f3#
1-0